[Event "Hannover Bezirks-ch C"]
[Site "Lehrte"]
[Date "2019.10.05"]
[Round "5.9"]
[White "Rust Bulmahn, Kornelia"]
[Black "Thiele, Stefan"]
[Result "0-1"]
[WhiteElo "1120"]
[BlackElo "1389"]
[PlyCount "122"]
[EventDate "2019.10.03"]
[EventType "swiss"]
[EventRounds "7"]
[EventCountry "GER"]
[SourceTitle "EXT 2023"]
[Source "ChessBase"]
[SourceDate "2022.10.05"]
[SourceVersion "1"]
[SourceVersionDate "2022.10.05"]
[SourceQuality "1"]

1. e4 e5 2. Nf3 Nc6 3. a3 Nf6 4. Nc3 g6 5. d4 exd4 6. Nxd4 Nxd4 7. Qxd4 Bg7 8. e5 Qe7 9. Be2 Ng8 10. Bf4 b6 11. Nd5 Qd8 12. Qc3 c6 13. Nf6+ Nxf6 14. exf6 Bxf6 15. Qe3+ Qe7 16. Qxe7+ Kxe7 17. c3 Re8 18. 0-0 Kf8 19. Bd6+ Be7 20. Bxe7+ Rxe7 21. Rfe1 a5 22. h3 h5 23. Bf3 Rxe1+ 24. Rxe1 d5 25. c4 Be6 26. cxd5 cxd5 27. Rc1 Kg7 28. Rc6 Rb8 29. Rd6 Kf6 30. Rc6 Ke5 31. Rc1 b5 32. g4 hxg4 33. Bxg4 Bxg4 34. hxg4 Rb7 35. Kg2 b4 36. a4 d4 37. Rc5+ Ke4 38. Rxa5 Kd3 39. Rd5 Ra7 40. a5 b3 41. f4 Kc2 42. Rxd4 Kxb2 43. Rd2+ Ka3 44. Rd5 b2 45. Rb5 Ka2 46. f5 b1Q 47. Rxb1 Kxb1 48. fxg6 fxg6 49. Kf3 Rxa5 50. Kf4 Kc2 51. Ke4 Kd2 52. Kf3 Kd3 53. Kf4 Ke2 54. Kg3 Ke3 55. Kh4 g5+ 56. Kg3 Ra4 57. Kh3 Kf3 58. Kh2 Kxg4 59. Kg2 Ra2+ 60. Kh1 Kg3 61. Kg1 Ra1# 0-1